Arsenal Women's Team 2023/2024 - Statistics

General Stats
  • This quiz has been taken 423 times
  • The average score is 17 of 26
Answer Stats
Hint Answer % Correct
Forward Beth Mead
93%
Defender Leah Williamson
93%
Forward Alessia Russo
91%
Defender Katie McCabe
89%
Forward Caitlin Foord
86%
Forward Vivianne Miedema
84%
Defender Steph Catley
81%
Defender Lotte Wubben-Moy
79%
Goalkeeper Manuela Zinsberger
79%
Midfielder Lia Walti
77%
Midfielder Kim Little
76%
Midfielder Kyra Cooney-Cross
76%
Forward Stina Blackstenius
72%
Midfielder Victoria Pelova
62%
Midfielder Frida Maanum
59%
Forward Cloe Lacasse
57%
Goalkeeper Sabrina D'Angelo
57%
Forward Lina Hurtig
56%
Defender Jennifer Beattie
53%
Defender Laia Codina
50%
Defender Amanda Ilestedt
49%
Defender Teyah Goldie
45%
Defender Laura Wienroither
40%
Defender Noelle Maritz
38%
Midfielder Kathrine Kuhl
35%
Forward Gio Queiroz
19%
No matching quizzes found
Score Distribution
Percent of People with Each Score
Percentile by Number Answered
Your Score History
You have not taken this quiz